[Event "Gyor Amateur op 22nd"]
[Site "Gyor"]
[Date "2023.03.04"]
[Round "2"]
[White "Nagy, Benedek"]
[Black "Homolya, Andrej Tomas"]
[Result "1-0"]
[WhiteElo "1650"]
[BlackElo "1377"]
[PlyCount "37"]
[EventDate "2023.03.04"]
[EventType "swiss"]
[EventRounds "7"]
[EventCountry "HUN"]
[SourceTitle "EXT 2024"]
[Source "ChessBase"]
[SourceDate "2023.10.10"]
[SourceVersion "1"]
[SourceVersionDate "2023.10.10"]
[SourceQuality "1"]

1. d4 d5 2. c4 c6 3. Nf3 Nf6 4. Nc3 Bf5 5. cxd5 Nxd5 6. Qb3 Qd7 7. Ne5 Qc8 8. Nxd5 Be6 9. e4 cxd5 10. exd5 Bf5 11. Bb5+ Bd7 12. Be3 h6 13. Bxd7+ Nxd7 14. Rc1 Qb8 15. 0-0 Nxe5 16. dxe5 Qxe5 17. Qxb7 Qb8 18. Qc6+ Kd8 19. Bf4 1-0